[Event "RUS-ch Rapid Men 2018"]
[Site "Sochi"]
[Date "2018.10.06"]
[Round "9"]
[White "Slavin, Alexey"]
[Black "Vastrukhin, Oleg"]
[Result "1-0"]
[WhiteElo "2364"]
[BlackElo "2413"]
[Annotator "NA"]
[PlyCount "119"]
[EventDate "2018.10.05"]
[EventType "swiss"]
[EventCountry "RUS"]
[SourceTitle "playchess.com"]
[Source "ChessBase"]
[SourceQuality "1"]
[TimeControl "900+10"]

1. d4 {[%emt 0:01:29]} g6 {[%emt 0:00:00]} 2. Nf3 {[%emt 0:00:07]} Bg7 {[%emt 0:00:00]} 3. c4 {[%emt 0:00:02]} d6 {[%emt 0:00:00]} 4. Nc3 {[%emt 0:00:03]} e5 {[%emt 0:00:00]} 5. dxe5 {[%emt 0:01:12]} dxe5 {[%emt 0:00:00]} 6. Qxd8+ {[%emt 0:00:02]} Kxd8 {[%emt 0:00:00]} 7. Bg5+ {[%emt 0:00:02]} f6 8. O-O-O+ {[%emt 0:00:12]} Bd7 {[%emt 0:01:34]} 9. Bh4 g5 {[%emt 0:00:26]} 10. Bg3 {[%emt 0:01:19]} h5 {[%emt 0:00:56]} 11. h3 {[%emt 0:01:15]} Nh6 {[%emt 0:00:15]} 12. e4 {[%emt 0:00:26]} h4 {[%emt 0:00:40]} 13. Bh2 {[%emt 0:00:04]} c6 {[%emt 0:00:01]} 14. Nd2 {[%emt 0:02:11]} Na6 {[%emt 0:01:02]} 15. Nb3 {[%emt 0:00:26]} Kc7 {[%emt 0:00:25]} 16. Be2 {[%emt 0:01:54]} Rad8 {[%emt 0:00:13]} 17. c5 {[%emt 0:01:05]} Bf8 {[%emt 0:00:16]} 18. Bxa6 {[%emt 0:00:04]} bxa6 {[%emt 0:00:01]} 19. f3 {[%emt 0:00:22]} Be7 {[%emt 0:00:18]} 20. Bg1 {[%emt 0:02:17]} Be6 {[%emt 0:00:34]} 21. Bf2 {[%emt 0:00:08]} Nf7 {[%emt 0:00:29]} 22. Na5 {[%emt 0:00:37]} Rxd1+ {[%emt 0:01:02]} 23. Rxd1 {[%emt 0:00:01]} Rb8 {[%emt 0:00:03]} 24. Nd5+ {[%emt 0:01:08]} cxd5 {[%emt 0:00:05]} 25. exd5 {[%emt 0:00:02]} Bxd5 {[%emt 0:02:01]} 26. Rxd5 {[%emt 0:00:03]} Rb5 {[%emt 0:00:02]} 27. Nb3 {[%emt 0:01:38]} Nd8 {[%emt 0:00:02]} 28. Kc2 {[%emt 0:00:14]} Ne6 {[%emt 0:00:02]} 29. Be3 {[%emt 0:00:51]} Kc6 {[%emt 0:04:49]} 30. Rd3 {[%emt 0:00:02]} Nf4 {[%emt 0:00:52]} 31. Bxf4 {[%emt 0:00:22]} gxf4 {[%emt 0:00:00]} 32. Kc3 {[%emt 0:00:24]} Bxc5 {[%emt 0:00:16]} 33. Rd8 {[%emt 0:00:02]} Be7 {[%emt 0:02:00]} 34. Rh8 {[%emt 0:00:02]} a5 {[%emt 0:00:01]} 35. Rxh4 {[%emt 0:00:14]} a4 {[%emt 0:00:01]} 36. Na1 {[%emt 0:00:27]} Rc5+ {[%emt 0:00:51]} 37. Kd2 {[%emt 0:00:03]} Rd5+ {[%emt 0:00:03]} 38. Kc3 {[%emt 0:00:01]} Rc5+ {[%emt 0:00:36]} 39. Kd2 {[%emt 0:00:02]} Rb5 {[%emt 0:00:01]} 40. Kc3 {[%emt 0:00:05]} f5 {[%emt 0:00:12]} 41. Rh7 {[%emt 0:00:20]} Rb7 {[%emt 0:00:12]} 42. Rh6+ {[%emt 0:00:09]} Kd5 {[%emt 0:00:03]} 43. Nc2 {[%emt 0:00:02]} Bc5 {[%emt 0:00:23]} 44. Rh8 {[%emt 0:00:39]} Rg7 {[%emt 0:00:09]} 45. Rd8+ {[%emt 0:00:04]} Ke6 {[%emt 0:00:05]} 46. Rd2 {[%emt 0:00:03]} e4 {[%emt 0:00:09]} 47. Re2 {[%emt 0:00:09]} e3 {[%emt 0:00:04]} 48. Ne1 {[%emt 0:00:04]} Rc7 {[%emt 0:00:22]} 49. Nd3 {[%emt 0:00:03]} Bd6+ {[%emt 0:00:12]} 50. Kd4 {[%emt 0:00:01]} Rd7 {[%emt 0:00:02]} 51. Kc4 {[%emt 0:00:03]} Bf8 {[%emt 0:00:20]} 52. Nxf4+ {[%emt 0:00:02]} Kf7 {[%emt 0:00:02]} 53. Nd5 {[%emt 0:00:25]} Bh6 {[%emt 0:00:19]} 54. f4 Rb7 55. b4 {[%emt 0:00:06]} axb3 {[%emt 0:00:05]} 56. axb3 {[%emt 0:00:01]} a5 {[%emt 0:00:34]} 57. Rxe3 {[%emt 0:00:03]} Bxf4 {[%emt 0:00:01]} 58. Nxf4 {[%emt 0:00:18]} Rb4+ {[%emt 0:00:00]} 59. Kc3 {[%emt 0:00:27]} Rxf4 {[%emt 0:00:09]} 60. Rf3 {[%emt 0:00:01]} 1-0

[Event "RUS-ch Rapid Men 2018"]
[Site "Sochi"]
[Date "2018.10.06"]
[Round "9"]
[White "Smirnov, Timofey"]
[Black "Gordievsky, Dmitry"]
[Result "1/2-1/2"]
[WhiteElo "2332"]
[BlackElo "2615"]
[Annotator "TA"]
[PlyCount "90"]
[EventDate "2018.10.05"]
[EventType "swiss"]
[EventCountry "RUS"]
[SourceTitle "playchess.com"]
[Source "ChessBase"]
[SourceQuality "1"]

{[%evp 33,90,-73,41,34,56,45,65,27,47,26,101,91,90,91,109,88,144,158,195,212,219,198,206,203,211,220,199,192,207,191,298,304,308,290,477,259,263,249,240,222,216,212,257,231,233,225,225,0,0,0,0,0,0,0,0,0,0,0,0]} 1. e4 c5 2. Nf3 g6 3. d4 cxd4 4. Nxd4 Nc6 5. c4 Bg7 6. Be3 Nf6 7. Nc3 d6 8. Be2 O-O 9. O-O Bd7 10. Qd2 Nxd4 11. Bxd4 Bc6 12. f3 Nd7 13. Be3 a5 14. b3 Nc5 15. Rab1 e6 16. Rfd1 {B38: Sizilianisch (Maroczy-Aufbau)} (16. a3 Be5 17. b4 axb4 18. axb4 Ra3 19. bxc5 Rxc3 20. f4 Bg7 21. e5 dxe5 22. Qxc3 exf4 23. Qd2 Qg5 {0-1 (43) Bu,X (2730)-Savchenko,B (2566) Riadh 2017}) 16... Be5 17. Bf1 Qe7 {LiveBook: 3 Partien} (17... Qh4 $1 $17 18. g3 Qf6) 18. Ne2 $14 {Weiß steht etwas besser.} b6 19. Nd4 $146 ({Vorgänger:} 19. Ng3 Rad8 20. Bg5 Bf6 21. Bxf6 Qxf6 22. Qb2 {0-1 (75) Chekletsov,I (2372)-Vakhidov,J (2498) St Petersburg 2017}) 19... Bb7 20. Qf2 Rad8 21. a3 {[%cal Ba2a3,Ba3b4][%mdl 32]} f5 (21... d5 $11) 22. exf5 $16 gxf5 23. Bh6 Rfe8 24. b4 axb4 (24... Na4 $142) 25. axb4 Nd7 26. f4 Bf6 27. Nb5 $1 Be4 28. Bd3 $1 {[%cal Rd3e4] zielt auf Lxe4 ab.} ({Finger weg von} 28. Nxd6 $6 Bxb1 29. Nxe8 Qxe8 $16) 28... Nf8 29. Qxb6 {Schwarz muss nun Lxe4 beachten.} d5 30. Bxe4 fxe4 31. cxd5 exd5 {[#]} (31... Rxd5 {ist wohl besser.} 32. Bxf8 Qxf8) 32. Nc7 $1 $18 {[%cal Rc7e8]} Rd6 {[#]} 33. Qa5 $1 e3 $2 (33... Red8 {kämpft weiter.} 34. Nxd5 Qf7) 34. Nxd5 (34. Nxe8 $142 Qxe8 35. Qc5) 34... Qf7 {Droht stark ...Ld8.} 35. Bxf8 Qxf8 36. Qa2 Kh8 37. Nxf6 Rxf6 38. g3 e2 39. Re1 Rxf4 40. gxf4 $2 (40. Qb2+ $18 Rf6 41. Rxe2 Rxe2 42. Qxe2) 40... Qg7+ $11 {Die Stellung ist ausgeglichen.} 41. Kf2 Qd4+ 42. Kg2 Qe4+ 43. Kg1 Qe3+ 44. Kg2 Qe4+ 45. Kg1 Qe3+ {Precision: Weiß = 68%, Schwarz = 50%.} 1/2-1/2

[Event "RUS-ch Rapid Men 2018"]
[Site "Sochi"]
[Date "2018.10.06"]
[Round "9"]
[White "Jary, Sergey"]
[Black "Triapishko, Alexandr"]
[Result "1/2-1/2"]
[WhiteElo "2286"]
[BlackElo "2508"]
[Annotator "ChessBase"]
[PlyCount "70"]
[EventDate "2018.10.05"]
[EventType "swiss"]
[EventCountry "RUS"]
[SourceTitle "playchess.com"]
[Source "ChessBase"]
[SourceQuality "1"]
[TimeControl "900+10"]

1. d4 {[%emt 0:00:55]} Nf6 {[%emt 0:00:00]} 2. g3 {[%emt 0:00:02]} g6 {[%emt 0:01:09]} 3. Bg2 {[%emt 0:00:06]} Bg7 {[%emt 0:00:02]} 4. e4 {[%emt 0:00:02]} d6 {[%emt 0:00:08]} 5. Ne2 {[%emt 0:00:07]} O-O {[%emt 0:00:02]} 6. O-O {[%emt 0:00:07]} Nc6 {[%emt 0:00:27]} 7. h3 {[%emt 0:00:48]} e5 {[%emt 0:00:31]} 8. d5 {[%emt 0:00:25]} Ne7 {[%emt 0:00:33]} 9. c4 {[%emt 0:00:14]} c6 {[%emt 0:00:49]} 10. Nbc3 {[%emt 0:00:22]} cxd5 {[%emt 0:00:09]} 11. cxd5 {[%emt 0:00:08]} Qa5 {[%emt 0:03:45]} 12. Rb1 {[%emt 0:00:24]} Bd7 {[%emt 0:00:29]} 13. Qd3 {[%emt 0:00:10]} Rfc8 {[%emt 0:01:15]} 14. Be3 {[%emt 0:00:25]} a6 {[%emt 0:02:05]} 15. Rfc1 {[%emt 0:01:27]} Ne8 {[%emt 0:00:36]} 16. b4 {[%emt 0:00:10]} Qd8 {[%emt 0:01:00]} 17. a4 {[%emt 0:00:21]} f5 {[%emt 0:00:26]} 18. f3 {[%emt 0:00:32]} Nf6 {[%emt 0:00:35]} 19. a5 {[%emt 0:00:26]} Qe8 {[%emt 0:01:13]} 20. Nd1 {[%emt 0:01:24]} Nh5 {[%emt 0:01:37]} 21. Qd2 {[%emt 0:00:16]} Nxg3 {[%emt 0:00:57]} 22. Nxg3 {[%emt 0:00:03]} f4 {[%emt 0:00:01]} 23. Bf2 {[%emt 0:00:06]} fxg3 {[%emt 0:00:03]} 24. Bxg3 {[%emt 0:00:01]} Qf8 {[%emt 0:00:21]} 25. Bh4 {[%emt 0:00:07]} Bh6 {[%emt 0:00:10]} 26. Bg5 {[%emt 0:00:01]} Bxg5 {[%emt 0:00:02]} 27. Qxg5 {[%emt 0:00:01]} h6 {[%emt 0:00:38]} 28. Qg3 {[%emt 0:00:05]} g5 {[%emt 0:00:15]} 29. h4 {[%emt 0:00:24]} Qf4 {[%emt 0:00:13]} 30. Qxf4 {[%emt 0:00:01]} exf4 {[%emt 0:00:05]} 31. hxg5 {[%emt 0:00:15]} hxg5 {[%emt 0:00:01]} 32. Nb2 {[%emt 0:00:00]} Rxc1+ {[%emt 0:00:27]} 33. Rxc1 {[%emt 0:00:01]} Ng6 {[%emt 0:00:14]} 34. Rc7 {[%emt 0:00:11]} Bb5 {[%emt 0:00:10]} 35. Bf1 {[%emt 0:00:04]} Ne5 {[%emt 0:00:08]} 1/2-1/2

[Event "RUS-ch Rapid Men 2018"]
[Site "Sochi"]
[Date "2018.10.06"]
[Round "9"]
[White "Linker, Mikhail"]
[Black "Dzhumagaliev, Yan"]
[Result "0-1"]
[WhiteElo "2269"]
[BlackElo "2410"]
[Annotator "NA"]
[PlyCount "76"]
[EventDate "2018.10.05"]
[EventType "swiss"]
[EventCountry "RUS"]
[SourceTitle "playchess.com"]
[Source "ChessBase"]
[SourceQuality "1"]
[TimeControl "900+10"]

1. Nf3 {[%emt 0:00:29]} c5 {[%emt 0:00:00]} 2. c4 {[%emt 0:00:07]} Nc6 {[%emt 0:00:00]} 3. g3 {[%emt 0:00:09]} g6 {[%emt 0:00:00]} 4. Bg2 {[%emt 0:00:02]} Bg7 {[%emt 0:00:01]} 5. Nc3 {[%emt 0:00:01]} e5 {[%emt 0:00:03]} 6. O-O {[%emt 0:00:26]} Nge7 {[%emt 0:00:01]} 7. e3 {[%emt 0:00:13]} O-O {[%emt 0:00:48]} 8. d4 {[%emt 0:00:20]} cxd4 {[%emt 0:00:17]} 9. exd4 {[%emt 0:00:01]} Nxd4 {[%emt 0:01:38]} 10. Nxd4 {[%emt 0:00:03]} exd4 {[%emt 0:00:01]} 11. Nb5 {[%emt 0:00:25]} Nf5 {[%emt 0:01:17]} 12. Bf4 {[%emt 0:00:35]} d6 {[%emt 0:00:09]} 13. Be4 {[%emt 0:03:23]} a6 {[%emt 0:01:22]} 14. Bxf5 {[%emt 0:00:05]} Bxf5 {[%emt 0:00:01]} 15. Nxd4 {[%emt 0:05:25]} Bh3 {[%emt 0:00:03]} 16. Re1 {[%emt 0:00:02]} Rc8 {[%emt 0:00:55]} 17. Rc1 {[%emt 0:00:17]} Qb6 {[%emt 0:00:10]} 18. Nb3 {[%emt 0:00:05]} Bxb2 {[%emt 0:01:39]} 19. Rc2 {[%emt 0:00:06]} Qc6 {[%emt 0:00:46]} 20. f3 {[%emt 0:00:01]} Bg7 {[%emt 0:01:16]} 21. Kf2 {[%emt 0:03:04]} Bf5 {[%emt 0:01:19]} 22. Rd2 {[%emt 0:01:49]} Qxc4 {[%emt 0:00:03]} 23. Rxd6 {[%emt 0:00:05]} a5 {[%emt 0:01:37]} 24. Nd4 {[%emt 0:00:13]} Qxa2+ {[%emt 0:02:52]} 25. Re2 {[%emt 0:00:03]} Qb1 {[%emt 0:00:03]} 26. Nxf5 {[%emt 0:00:16]} Qxf5 {[%emt 0:00:01]} 27. Rd5 {[%emt 0:00:09]} Qf6 {[%emt 0:00:40]} 28. Kg2 {[%emt 0:00:21]} Qa6 {[%emt 0:00:10]} 29. Rd6 {[%emt 0:00:11]} Qc4 {[%emt 0:00:10]} 30. Rb6 {[%emt 0:01:18]} a4 {[%emt 0:00:01]} 31. Rxb7 {[%emt 0:00:03]} a3 {[%emt 0:00:01]} 32. Ra7 {[%emt 0:00:03]} Ra8 {[%emt 0:00:01]} 33. Re4 {[%emt 0:00:24]} Qxe4 {[%emt 0:00:06]} 34. fxe4 {[%emt 0:00:08]} Rxa7 {[%emt 0:00:01]} 35. e5 {[%emt 0:00:16]} a2 {[%emt 0:00:06]} 36. Qa1 {[%emt 0:00:01]} Rb8 {[%emt 0:00:09]} 37. Bg5 {[%emt 0:00:14]} Rb1 {[%emt 0:00:15]} 38. Qd4 {[%emt 0:00:03]} Ra8 {[%emt 0:00:04]} 0-1

[Event "RUS-ch Rapid Men 2018"]
[Site "Sochi"]
[Date "2018.10.06"]
[Round "9"]
[White "Kirillov, Dmitry"]
[Black "Oganian, Miran"]
[Result "1/2-1/2"]
[WhiteElo "2267"]
[BlackElo "2435"]
[Annotator "TA"]
[PlyCount "119"]
[EventDate "2018.10.05"]
[EventType "swiss"]
[EventCountry "RUS"]
[SourceTitle "playchess.com"]
[Source "ChessBase"]
[SourceQuality "1"]

{[%evp 14,119,0,0,0,0,20,-7,-1,-11,-1,-22,-9,-32,-20,-13,-6,-33,-4,-22,-15,-44,-59,-54,-23,-42,-49,-88,-85,-93,-103,-105,-96,-101,0,-93,-95,-92,-35,-63,0,0,0,0,0,-10,34,-20,-15,-117,-60,-107,-45,-89,-86,-100,-100,-142,0,-16,-18,-18,31,44,32,36,31,26,30,0,0,0,0,0,6,0,31,23,23,23,22,25,85,70,75,66,69,8,16,16,16,16,16,0,0,0,9,9,9,9,9,10,16,16,16,16,19,21]} 1. e4 c5 2. Nf3 g6 3. c3 d5 4. exd5 Qxd5 5. d4 Bg7 6. Be3 cxd4 {B06: Moderne Verteidigung} 7. Bxd4 (7. Nxd4 Nf6 8. Na3 O-O 9. Qb3 Nc6 10. Qxd5 Nxd5 11. Nxc6 bxc6 12. Bd2 Rb8 13. Nc4 Ba6 14. O-O-O {½-½ (66) Pourramezanali,A (2534)-Yu,Y (2750) Ashkhabad 2017}) 7... Nf6 8. Nbd2 {LiveBook: 6 Partien} O-O 9. Bc4 Qa5 10. O-O Nc6 11. Be3 Qc7 12. h3 b6 13. Qe2 $146 ({Vorgänger:} 13. Re1 Bb7 14. Qa4 e5 15. Rad1 h6 16. Ba6 Bxa6 17. Qxa6 {0-1 (34) Barbanera,F (2052)-Woellermann,J (2101) Osnabrueck 2010}) 13... Bb7 14. Rad1 Rad8 15. Nb3 Nh5 16. Rxd8 Nxd8 17. Rd1 Bxf3 18. gxf3 Qc8 19. Qf1 Ne6 20. Ba6 Qc6 21. Qc4 Qxf3 22. Qg4 Qc6 23. Qc4 Qf3 24. Qg4 Qa8 25. Qg2 Qxg2+ 26. Kxg2 Nhf4+ ({Besser ist} 26... Rd8 $15 27. Rxd8+ Nxd8) 27. Kf3 $11 Be5 28. Rd7 Ng5+ 29. Kg4 Ngxh3 30. Rxe7 ({Lieber} 30. Kg3 $14) 30... h5+ 31. Kf3 (31. Kg3 $11 h4+ 32. Kh2) 31... Ng5+ 32. Kg3 Nge6 (32... Bd6 $17 33. Rxa7 Nd5+ 34. Kg2 Nxe3+ 35. fxe3 h4) 33. Kf3 Bb8 34. Bxf4 Nxf4 35. Nd4 {[#]} Nd5 (35... g5 $1 $17 36. Bb5 g4+ 37. Ke4 Nh3) 36. Rd7 Nf6 37. Rb7 Re8 38. Bc4 Rf8 39. Nc6 Bd6 40. Rxa7 Ng4 41. a4 Bc5 42. b4 Bxf2 43. Re7 Bh4 44. Rb7 Bf2 45. a5 bxa5 46. bxa5 Kg7 47. a6 Rc8 (47... Bc5 $11) 48. Bxf7 $16 Kf6 ({Nicht} 48... Rf8 $2 49. Nd4 $18) 49. Bd5 {Droht a7 und aus.} Re8 50. a7 (50. Rf7+ $14 Kg5 51. Re7 Rxe7 52. Nxe7) 50... Bxa7 {Die Stellung ist ausgeglichen.} 51. Rxa7 {[#] Droht stark Le4.} Re3+ 52. Kg2 Rxc3 {Und ...Se3+ würde nun gewinnen.} 53. Rf7+ Kg5 {zielt auf ...Se3+ ab.} 54. Bf3 Ne3+ 55. Kf2 Nf5 56. Ne5 Rc2+ 57. Be2 Nd4 58. Nf3+ Nxf3 59. Rxf3 Rc6 60. Rg3+ {Precision: Weiß = 47%, Schwarz = 50%.} 1/2-1/2

[Event "RUS-ch Rapid Men 2018"]
[Site "Sochi"]
[Date "2018.10.06"]
[Round "9"]
[White "Kretov, Evgenij"]
[Black "Krylov, Mikhail"]
[Result "0-1"]
[WhiteElo "2219"]
[BlackElo "2476"]
[Annotator "TA"]
[PlyCount "122"]
[EventDate "2018.10.05"]
[EventType "swiss"]
[EventCountry "RUS"]
[SourceTitle "playchess.com"]
[Source "ChessBase"]
[SourceQuality "1"]

{[%evp 28,122,93,110,112,105,98,97,97,97,104,99,97,70,76,70,105,73,100,85,97,94,89,65,117,109,107,6,7,8,8,0,0,0,0,0,0,0,0,0,0,0,0,0,0,0,0,0,0,-8,0,-14,-8,-8,-8,-25,-25,-33,-8,-8,-8,-8,-8,-8,-8,-22,-8,-8,-8,-8,-8,-8,-8,-8,0,-23,0,0,0,-23,-24,-24,-24,-24,-24,-413,-413,-29981,-1184,-1177,-1143,-1118,-1110,-1067,-852,-575,-397]} 1. d4 Nf6 2. c4 g6 3. Nc3 Bg7 4. e4 d6 5. Be2 O-O 6. Bg5 c5 7. d5 b5 8. cxb5 a6 9. a4 Qa5 10. Bd2 axb5 11. Bxb5 Ba6 12. Ra3 Nbd7 {E74: Königsindisch (Awerbach-Angriff)} 13. Nf3 Bxb5 14. Nxb5 Qb6 (14... Qa6 15. Qc2 Rac8 16. O-O Ng4 17. Bc3 Nge5 18. Nxe5 Nxe5 19. b3 f5 20. f4 {0-1 (36) Johansen,D (2400)-Nisipeanu,L (2686) Sydney 2014}) 15. Qc2 {LiveBook: 4 Partien} Rfb8 16. O-O Ne8 17. Bc3 Nc7 18. Nxc7 $1 Qxc7 19. Bxg7 $146 ({Vorgänger:} 19. Nd2 Bxc3 20. Qxc3 {½-½ (64) Karason,A (2245)-Hoi,C (2425) Torshavn 1997}) 19... Kxg7 20. Re3 Rb4 21. b3 $1 Rab8 22. Rc1 f6 23. Nd2 Qa7 24. h3 Ne5 25. Rc3 R8b7 (25... c4 $14) 26. Kh2 c4 27. Nxc4 (27. f4 $1 $16 {[%cal Rf4e5]} cxb3 28. Nxb3) 27... Nxc4 $11 28. Rxc4 Rxb3 29. Rc7 Rxc7 30. Qxc7 {[%mdl 4096] Endspiel KDT-KDT} Rb7 31. Qc2 Rb4 32. Qc7 Qxc7 33. Rxc7 {KT-KT} Kf7 34. a5 Ra4 35. Kg3 Rxa5 36. h4 f5 37. f3 Kf6 38. Kf4 h6 39. Rb7 g5+ 40. hxg5+ hxg5+ 41. Ke3 Ra3+ 42. Kf2 $1 fxe4 43. fxe4 g4 44. Rc7 Ra2+ 45. Kg3 Re2 46. Rc4 Kg5 47. Ra4 Rc2 48. Ra7 Rc3+ 49. Kf2 Kf6 50. Rb7 Ra3 51. Rc7 Ra2+ 52. Kg3 Re2 53. Rc4 Ke5 54. Kxg4 Rxg2+ 55. Kf3 Rg7 56. Rc7 $2 {[%mdl 8192] [#]} (56. Rb4 $11 {und Weiss muss sich keine Sorgen machen.}) 56... Kd4 $1 $19 57. Kf4 (57. Rc1 $19 Rf7+ 58. Kg4) 57... Rf7+ (57... e5+ $142 58. dxe6 Rxc7 59. Kg5 Kxe4 60. Kg6 d5 61. Kg5 d4 62. Kf6 d3 63. e7 Rc6+ 64. Kf7 Rc7 65. Ke6 {[#]} Rxe7+ $1 {[%mdl 512]} 66. Kxe7 d2 67. Kd7 d1=Q+ 68. Kc6 Qd5+ 69. Kb6 Kd4 70. Ka6 Kc5 71. Ka7 Kc6 72. Ka8 Kc7+ 73. Ka7 Qb7#) 58. Kg5 {Schwarz steht klar auf Gewinn.} Kxe4 59. Kg6 Rf6+ 60. Kg5 Rf5+ 61. Kg4 Re5 {Precision: Weiß = 53%, Schwarz = 62%.} 0-1

[Event "RUS-ch Rapid Men 2018"]
[Site "Sochi"]
[Date "2018.10.06"]
[Round "10"]
[White "Artemiev, Vladislav"]
[Black "Bocharov, Ivan"]
[Result "1/2-1/2"]
[WhiteElo "2706"]
[BlackElo "2563"]
[Annotator "TA"]
[PlyCount "99"]
[EventDate "2018.10.05"]
[EventType "swiss"]
[EventCountry "RUS"]
[SourceTitle "playchess.com"]
[Source "ChessBase"]
[SourceQuality "1"]

{[%evp 15,99,0,0,-20,5,-6,3,-38,11,10,9,13,19,10,8,2,18,11,23,21,18,0,12,-99,-103,-93,2,0,21,8,23,8,16,13,19,4,4,4,4,5,5,0,19,0,0,0,0,0,0,0,0,0,0,0,0,0,0,0,39,17,18,17,27,2,37,37,37,53,37,51,41,0,0,0,0,0,0,0,0,0,0,0,0,0,0,0]} 1. d4 d5 2. Bg5 h6 3. Bh4 c6 4. Nf3 Bf5 5. e3 Nd7 6. c4 {D00: 1 d4 d5: Unusual lines} Ngf6 7. Nc3 e6 8. Qb3 Qb6 {LiveBook: 5 Games} 9. Be2 (9. Bg3 Ne4 10. c5 Qxb3 11. axb3 Nxg3 12. hxg3 a6 {½-½ (46) Artemiev,V (2691)-Dreev,A (2653) Riadh 2017}) 9... Be7 10. O-O O-O 11. Ne5 {[#] Nxd7 is the strong threat.} Rfe8 12. Nxd7 Nxd7 13. Bxe7 Rxe7 14. Qa3 Ree8 15. b4 $146 ({Predecessor:} 15. b3 Nf6 16. Na4 Qd8 17. Nc5 {0-1 (63) Ui Laighleis,G (1985)-Loughran,J (1805) Dublin 2008}) 15... a6 16. Qb3 Qd8 17. a4 Qh4 18. Rad1 Nf6 19. Bd3 (19. a5 $11) 19... Bxd3 20. Rxd3 Rac8 (20... Ng4 $17 {[%csl Gg4][%cal Rh4h2]} 21. h3 dxc4 22. Qxc4 {[#]} Ne5 $1 {[%mdl 512]}) 21. h3 Ne4 (21... Qg5 {seems wilder.} 22. Re1 Qf5 23. Rdd1 Qg5 24. a5 Rcd8) 22. Nxe4 Qxe4 23. Rc1 Red8 24. c5 e5 25. b5 axb5 26. axb5 Ra8 27. Rcd1 Qf5 28. R3d2 Re8 29. Qb1 (29. Ra2 {is more complex.} Kh7 30. dxe5 Qxe5 31. Ra4 Qe7 32. Rc1) 29... Qxb1 30. Rxb1 exd4 31. exd4 $11 {[%mdl 4096] Endgame KRR-KRR} Ra4 32. f3 Kh7 33. bxc6 bxc6 34. Rb7 Kg6 35. Rc7 Re6 36. Kf2 f5 37. Kg3 Kf6 38. h4 h5 39. Kf4 g6 40. Rc8 Rb4 41. Ra8 Rc4 42. Rd8 Ke7 43. Rd6 (43. Rh8 {feels hotter.} Kf6 44. Rb8 Ra4 45. Rf8+ Ke7 46. Rc8) 43... Rxd6 {The position is equal.} 44. cxd6+ Kxd6 {Strongly threatening ...c5. KR-KR} 45. Kg5 c5 46. dxc5+ Kxc5 47. Kxg6 Rxh4 48. Kxf5 {Threatening Ke5.} Rh1 49. Rc2+ Kd4 50. g4 {Precision: White = 47%, Black = 50%.} 1/2-1/2

[Event "RUS-ch Rapid Men 2018"]
[Site "Sochi"]
[Date "2018.10.06"]
[Round "10"]
[White "Dubov, Daniil"]
[Black "Savchenko, Boris"]
[Result "1-0"]
[WhiteElo "2703"]
[BlackElo "2562"]
[Annotator "TA"]
[PlyCount "77"]
[EventDate "2018.10.05"]
[EventType "swiss"]
[EventCountry "RUS"]
[SourceTitle "playchess.com"]
[Source "ChessBase"]
[SourceQuality "1"]

{[%evp 14,77,53,56,54,39,47,39,45,43,58,51,64,52,65,40,46,37,41,33,37,35,34,22,60,52,109,52,85,78,104,99,99,92,105,103,101,93,89,84,195,200,196,158,161,149,155,160,174,164,300,301,454,443,450,449,627,627,825,809,1175,843,805,833,2203,2189]} 1. Nf3 Nf6 2. c4 g6 3. Nc3 Bg7 4. e4 c5 5. d4 Qa5 6. Bd2 cxd4 7. Nxd4 Nc6 8. Nb3 {LiveBook: 17 Games. A40: Unusual replies to 1 d4} Qc7 (8... Qd8 9. Be2 a5 10. Be3 a4 11. Nd4 a3 12. b3 Qa5 13. Nxc6 dxc6 14. Bd2 O-O 15. O-O Rd8 {1-0 (30) Gupta,A (2634)-Adhiban,B (2624) Pune 2014}) 9. Be2 O-O 10. Rc1 {White is slightly better.} b6 11. O-O Bb7 12. Be3 d6 13. f3 $146 ({Predecessor:} 13. Qd2 Rfe8 14. f3 Nd7 15. Nd5 Qd8 {½-½ (40) Penkin,V (2248)-Hauser,J (2381) ICCF email 2013}) 13... Rae8 14. Kh1 Nd7 15. Nd4 Nxd4 16. Bxd4 Bxd4 17. Qxd4 Qc5 18. Qd2 a5 19. Nd5 e6 {[#]} (19... Qc8 $14) 20. Nc3 ({White should try} 20. a3 $1 $16) 20... Rd8 21. Rfd1 Nf6 22. Na4 Qc6 23. b3 e5 24. Rc3 {[%cal Bc1c3,Bc3d3,Bd3d5][%mdl 32]} Qc7 25. Rd3 {[%cal Rd3d6]} Ne8 26. Qe3 $36 {[%mdl 2048] White is really pushing.} Bc6 (26... Rb8 $16) 27. Nxb6 $18 Ng7 {[%cal Be8g7,Bg7e6,Be6c5][%mdl 32]} 28. Nd5 Bxd5 29. Rxd5 Ne6 30. Bf1 Nc5 31. Qd2 Rb8 (31... Nb7 $142 32. g3 Rc8) 32. Rxd6 a4 (32... Ne6 $142 33. Rd7 Qb6) 33. b4 {White is clearly winning.} Ne6 34. c5 a3 35. Bc4 Nd4 36. f4 {[%cal Bf3f4,Bf4f5,Bf5f6][%mdl 32]} Nc6 37. Rd7 Qc8 38. f5 {[#] aiming for fxg6.} Rxb4 39. f6 {Precision: White = 71%, Black = 38%.} 1-0

[Event "RUS-ch Rapid Men 2018"]
[Site "Sochi"]
[Date "2018.10.06"]
[Round "10"]
[White "Matlakov, Maxim"]
[Black "Rozum, Ivan"]
[Result "1-0"]
[WhiteElo "2683"]
[BlackElo "2573"]
[Annotator "TA"]
[PlyCount "77"]
[EventDate "2018.10.05"]
[EventType "swiss"]
[EventCountry "RUS"]
[SourceTitle "playchess.com"]
[Source "ChessBase"]
[SourceQuality "1"]

{[%evp 21,77,-1,0,0,0,0,0,7,4,0,0,-13,0,-8,14,-24,-13,-24,-24,-24,-24,-26,0,0,0,0,0,0,0,0,0,0,0,0,34,32,100,92,132,133,139,125,136,137,135,135,130,137,222,197,202,193,184,92,106,114,1116,1112]} 1. c4 Nf6 2. Nc3 c5 3. Nf3 e6 4. e3 Nc6 5. d4 d5 6. cxd5 Nxd5 7. Bd3 Be7 8. O-O O-O 9. Qe2 {D42: Queen's Gambit Declined: Semi-Tarrasch: 5 cxd5 Nxd5 6 e3 Nc6 7 Bd3} b6 10. Rd1 cxd4 11. exd4 (11. Nxd5 Qxd5 12. exd4 Bb7 13. Be4 Qd6 14. g3 Bf6 15. Bg5 Qe7 16. Bxf6 Qxf6 17. Ne5 Rfc8 18. Qb5 Na5 19. Bxb7 Nxb7 20. Qd7 Nc5 21. dxc5 Qxe5 {½-½ (51) Carlsen,M (2842)-So,W (2780) Saint Louis 2018}) 11... Nf6 {LiveBook: 5 Games} 12. a3 Bb7 13. Bc2 a6 $146 ({Predecessor:} 13... Rc8 14. Bg5 Nd5 15. Bxe7 Ncxe7 16. Qd3 Nf5 17. Nxd5 Qxd5 18. Bb3 {½-½ (91) Dupsky,L (2235)-Feher,G (2380) Zalaegerszeg 1993}) 14. Bg5 Re8 15. Qd3 {Black must now prevent Bxf6.} g6 $1 16. h4 b5 17. Rac1 Rc8 18. Bb1 Na5 19. Ne5 Nc4 20. Qe2 Nd5 21. Ne4 {[%cal Re5c4]} Ndb6 (21... f6 {looks sharper.} 22. Nxc4 fxg5 23. Ne5 Rxc1 24. Rxc1 Nf4) 22. b3 Bxe4 23. Bxe4 {Strongly threatening Nc6.} Bxg5 24. hxg5 Nxe5 25. Rxc8 ({But not} 25. dxe5 Rxc1 26. Rxc1 Qxg5 $17) 25... Nxc8 26. dxe5 Qxg5 27. Bb7 $36 {[%mdl 2048] White is more active.} Ne7 28. Bxa6 Rb8 (28... Nd5 $14) 29. Bxb5 $16 Nd5 {aiming for ...Nf4.} 30. Bc4 $1 Nc3 31. Qd2 Qxe5 32. Re1 $1 {[%cal Re1e5]} Qf6 {[#]} 33. a4 $1 {[%cal Ba3a4,Ba4a5][%mdl 32]} Rd8 34. Qb2 Qd4 (34... Ra8 $16) 35. a5 $18 Nb5 36. Qxd4 Nxd4 37. Re5 (37. a6 $18) 37... Rb8 38. a6 {Threatens to win with Rc5.} Nxb3 $2 {[%mdl 8192] [#]} (38... Ra8 $16 39. Rc5 Nxb3 40. Bxb3 Rxa6) 39. Rb5 $1 {Precision: White = 67%, Black = 52%.} 1-0